Sports Quiz

Random Sports or NFL Quiz

NFC East Leaders Since 2002 Quiz Stats

Quiz Updated Feb 13, 2018

Challenge
Share
Tweet
Embed
Score 0/96 Timer 06:00
2 Plays Today
Year Player % Correct
2005Eli Manning
97.4%
2005Eli Manning
97.4%
2006Eli Manning
97.4%
2006Eli Manning
97.4%
2009Eli Manning
97.4%
2010Eli Manning
97.4%
2010Eli Manning
97.4%
2011Eli Manning
97.4%
2014Eli Manning
97.4%
2007Tony Romo
96.6%
2007Tony Romo
96.6%
2008Tony Romo
96.6%
2009Tony Romo
96.6%
2011Tony Romo
96.6%
2012Tony Romo
96.6%
2012Tony Romo
96.6%
2013Tony Romo
96.6%
2013Tony Romo
96.6%
2014Tony Romo
96.6%
2015Eli Manning
96.5%
2015Eli Manning
96.5%
2016Eli Manning
96.1%
2013LeSean McCoy & DeMarco Murray
91.3%
2004Donovan McNabb
88.9%
2004Donovan McNabb
88.9%
2008Donovan McNabb
88.9%
2014DeMarco Murray
88.8%
2014DeMarco Murray
88.8%
2012Dez Bryant
87.1%
2012Dez Bryant
87.1%
2013Dez Bryant
87.1%
2014Dez Bryant
87.1%
Year Player % Correct
2017Dez Bryant
86.8%
2016Kirk Cousins
86.6%
2017Kirk Cousins
86.6%
2014Dez Bryant
85.9%
2015Ryan Mathews & DeMarco Murray
84.8%
2011LeSean McCoy
84.2%
2011LeSean McCoy
84.2%
2013LeSean McCoy
84.2%
2017Carson Wentz
81.6%
2009Marion Barber & Ahmad Bradshaw
81.4%
2016Odell Beckham Jr.
80.6%
2016Odell Beckham Jr.
80.6%
2002Tiki Barber
79.8%
2002Tiki Barber
79.8%
2003Tiki Barber
79.8%
2004Tiki Barber
79.8%
2004Tiki Barber
79.8%
2005Tiki Barber
79.8%
2006Tiki Barber
79.8%
2006Marion Barber
79.5%
2009Marion Barber
79.5%
2016Ezekiel Elliott
77.9%
2016Ezekiel Elliott
77.9%
2017Ezekiel Elliott
77.9%
2017Ezekiel Elliott
77.9%
2015Odell Beckham Jr.
76.6%
2015Odell Beckham Jr.
76.6%
2004Terrell Owens
68%
2004Terrell Owens
68%
2006Terrell Owens
68%
2006Terrell Owens
68%
2007Terrell Owens
68%
Year Player % Correct
2007Terrell Owens
68%
2008Terrell Owens
68%
2008Terrell Owens
68%
2010Brandon Jacobs & Michael Vick
67.6%
2011Victor Cruz
63.9%
2007Brian Westbrook
61.6%
2008Brandon Jacobs
59.9%
2010Ahmad Bradshaw
59.5%
2012Alfred Morris
59.1%
2012Alfred Morris
59.1%
2002Kerry Collins
48.1%
2002Kerry Collins
48.1%
2005Clinton Portis
48.1%
2007Clinton Portis
48.1%
2008Clinton Portis
48.1%
2002Rod Gardner & Amani Toomer
44%
2002Amani Toomer
43.9%
2005Santana Moss
42.2%
2005Santana Moss
42.2%
2010Santana Moss
42.2%
2015Darren McFadden
42.1%
2017Alshon Jeffery
40.2%
2013Pierre Garcon
39.6%
2009Miles Austin
35.9%
2009Miles Austin
35.9%
2010Hakeem Nicks
31.1%
2003Quincy Carter
26.2%
2003Quincy Carter
26.2%
2003Laveranues Coles & Ike Hilliard & Darnerien McCants
16.9%
2003Laveranues Coles
16%
2003Correll Buckhalter
5.1%
2011Laurent Robinson
4.8%

You're not logged in!

Compare scores with friends on all Sporcle quizzes.
Join for Free
OR
Log In

You Might Also Like...

Show Comments

Extras

Top Quizzes Today


Score Distribution

Your Account Isn't Verified!

In order to create a playlist on Sporcle, you need to verify the email address you used during registration. Go to your Sporcle Settings to finish the process.

Report this User

Report this user for behavior that violates our Community Guidelines.

Details: